Craft aléatoire minecraft #1 - Statistiques

Statistiques générales
  • Ce quiz a été pris 106 fois
  • Le résultat moyen est 15 sur 25
Statistiques - réponses
Par images Réponse % Correct
Four
100%
Torche
99%
Briquet
95%
Bateau
92%
Bâton
91%
Établis
88%
Flèche
86%
Houe
85%
Table d'enchantement
81%
Boussole
68%
TNT
68%
Montre
58%
Piston
57%
Répéteur de redstone
54%
Pantalon en fer
49%
Jukebox
46%
Laisse
46%
Distributeur
45%
Tableau
36%
Oeil d'araignée fermenté
28%
Colorant rose
27%
Boule de feu
26%
Lampe de redstone
26%
Rail de détection
19%
Rail d'accélération
11%
Aucun quiz correspondant
Distribution des résultats
% des personnes avec chaque résultat
Percentile par nombre de réponses
Votre historique - résultats
Vous n’avez pas pris ce quiz